000 01394nam a2200217Ia 4500
003 Ost
005 20260507075036.0
008 260507s9999||||xx |||||||||||||| ||und||
020 _a3335125977
040 _cfsecg
041 _aara
082 _a330
100 _aعبد العزيز، سمير محمد
_eمؤلف
245 0 _aعالمية تجارة القرن الحادي والعشرين (1) :
_bالتجارة العالمية والوثيقة الختامية بين إنتهاء الجات وقيام منظمة التجارة العالمية /
_c سمير محمد عبد العزيز
260 _aالإسكندرية:
_bالمكتب العربي الحديث,
_c2006
300 _a493 صفحة؛
_bإيضاحات ؛
_c24 سم
520 _aالإتفاقيات العامة للتجارة، الإتفاقيات العامة للتجارة في السلع، الإتفاقيات العامة للتجارة في الخدمات، إتفاقية الجوانب المتصلة بالتجارة في حقوق الملكية الفكرية، التفاهم وتسوية المنازعات في إطار الجات 1994، وقائع وأحداث ما بعد توقيع الوثيقة الختامية وقيام منظمة التجارة العالمية
653 _aالتجارة الخارجية
653 _aمنظمة التجارة العالمية
942 _cكتاب
999 _c42459
_d42459